Videodrome /

A cable TV executive discovers an underground TV show called Videodrome, a hyperviolent torture show. His quest to find the origin of the show may result in the loss of his sanity.

Bibliographic Details
Corporate Authors: Universal Pictures (Firm), Filmplan International (Firm), Criterion Collection (Firm), Home Vision Entertainment (Firm)
Other Authors: Cronenberg, David, 1943-, Woods, James, 1947-, Smits, Sonja, 1958-, Harry, Debbie
Format: Video DVD
Language:English
Language Notes:Captioned for the deaf and hearing impaired.
Published: [Irvington, N.Y.] : Criterion Collection, [2004]
Edition:Director-approved special ed. double-disc set.
Series:Criterion collection (DVD videodiscs) ; 248.
Subjects:

MARC

Tag First Indicator Second Indicator Subfields
LEADER 00000cgm a2200000Ia 4500
001 in00002018239
005 20151031173156.0
007 vd cvaizm
008 040907s2004 xxc089 e vleng d
020 |a 1559409525 
024 1 |a 715515015424 
028 4 3 |a CC1604D  |b Criterion Collection 
035 |a (OCoLC)ocm56430152 
040 |a IBI  |c IBI  |d RCS  |d OCLCQ  |d TXA  |d UtOrBLW 
049 |a TXAM 
082 0 4 |a 791.43/72  |2 22 
090 |a PN1995.9.H6  |b V54 2004 
245 0 0 |a Videodrome /  |c Universal ; Filmplan International Production ; produced by Claude Héroux ; written and directed by David Cronenberg. 
250 |a Director-approved special ed. double-disc set. 
264 1 |a [Irvington, N.Y.] :  |b Criterion Collection,  |c [2004] 
264 4 |c ©2004 
300 |a 2 videodiscs (89 min.) :  |b sound, color ;  |c 4 3/4 in. +  |e 1 booklet (39 pages : color illustrations ; 19 cm.). 
336 |a two-dimensional moving image  |b tdi  |2 rdacontent 
337 |a video  |b v  |2 rdamedia 
338 |a videodisc  |b vd  |2 rdacarrier 
490 1 |a Criterion collection ;  |v 248 
538 |a DVD; Dolby digital, mono. 
546 |a Captioned for the deaf and hearing impaired. 
511 1 |a James Woods, Sonja Smits, Deborah Harry, Peter Dvorsky, Les Carlson, Jack Creley, Lynne Gorman, Julie Khaner, Reiner Schwartz. 
508 |a Director of photography, Mark Irwin ; art director, Carol Spier ; editor, Ronald Sanders ; music, Howard Shore ; costume designer, Delphine White. 
500 |a Originally released as a motion picture in 1983. 
500 |a Dual-layer edition. 
500 |a Aspect ratio 1.85:1; enhanced for 16:9 TVs. 
500 |a Accompanying booklet features an essay by film critic Carrie Rickey, excerpts from an unpublished book on Videodrome by film critic and publisher Tim Lucas, and a new essay by novelist and culture critic Gary Indiana. 
521 8 |a Not rated. 
520 |a A cable TV executive discovers an underground TV show called Videodrome, a hyperviolent torture show. His quest to find the origin of the show may result in the loss of his sanity. 
505 0 |a Disc 1. New high-definition digital transfer of the unrated version, with restored image and sound and enhanced for widescreen televisions ; Two audio commentaries: David Cronenberg and director of photography Mark Irwin, and actors James Woods and Deborah Harry ; Camera (2000), a short film starring Videodrome's Les Carlson, written and directed by Cronenberg -- disc 2. Forging the new flesh, a new half-hour documentary featurette by filmmaker Michael Lennick about the creation of Videodrome's video and prosthetic makeup effects ; Effects men, a new audio interview with special makeup effects creator Baker and video effects supervisor Lennick ; Bootleg video: the complete footage of Samurai dreams and seven minutes of transmissions from "Videodrome," presented in their original, unedited form with filmmaker commentary ; Fear on film, a 26-minute roundtable discussion from 1982 between filmmakers Cronenberg, John Carpenter, John Landis, and Mick Garris ; Original theatrical trailers and promotional featurette ; Stills galleries featuring hundreds of rare behind-the-scenes production photos, special effects makeup tests, and publicity photos. 
500 |a Videorecording. 
655 7 |a Horror films.  |2 lcgft 
655 7 |a Science fiction films.  |2 lcgft 
655 7 |a Video recordings for the hearing impaired.  |2 lcgft 
655 0 |a Motion pictures, Canadian. 
655 7 |a Feature films.  |2 lcgft 
650 0 |a Reality television programs  |v Drama. 
650 0 |a Cable television  |v Drama. 
700 1 |a Cronenberg, David,  |d 1943- 
700 1 |a Woods, James,  |d 1947- 
700 1 |a Smits, Sonja,  |d 1958- 
700 1 |a Harry, Debbie. 
710 2 |a Universal Pictures (Firm) 
710 2 |a Filmplan International (Firm) 
710 2 |a Criterion Collection (Firm) 
710 2 |a Home Vision Entertainment (Firm) 
740 0 2 |a Camera. 
830 0 |a Criterion collection (DVD videodiscs) ;  |v 248. 
948 |a cataloged  |b h  |c 2005/4/8  |d c  |e mphillip  |f 4:00:45 pm 
994 |a C0  |b TXA 
999 |a MARS 
999 f f |s 8855d7d9-3a00-3320-9b6e-c92ceaac8cb2  |i 49bb66b6-9a3b-3921-a8c7-1be385e41b97  |t 0 
952 f f |p dvd  |a Texas A&M University  |b College Station  |c Sterling C. Evans Library  |d Evans: Media and Reserves (Annex 1st floor)  |t 0  |e PN1995.9.H6 V54 2004  |h Library of Congress classification  |i video -- videodisc  |m A14836622659 
952 f f |p dvd  |a Texas A&M University  |b College Station  |c Sterling C. Evans Library  |d Evans: Media and Reserves (Annex 1st floor)  |t 0  |e PN1995.9.H6 V54 2004  |h Library of Congress classification  |i video -- videodisc  |m A14832636355 
998 f f |a PN1995.9.H6 V54 2004  |t 0  |l Evans: Media and Reserves (Annex 1st floor) 
998 f f |a PN1995.9.H6 V54 2004  |t 0  |l Evans: Media and Reserves (Annex 1st floor)